| 000 | 00739pam a2200217 a 4500 | ||
|---|---|---|---|
| 001 | 2941632 | ||
| 005 | 20250201193656.0 | ||
| 008 | 900416s1991 paua b 001 0 eng c | ||
| 020 | _a9780397508969 | ||
| 050 | 1 | 0 |
_aRC86.7 _b.C534 1990 |
| 082 | 0 | 0 |
_a616.02/5 _220 |
| 245 | 0 | 4 |
_aThe Clinical practice of emergency medicine / _cedited by Ann Harwood-Nuss ; co-editors, Christopher H. Linden ... [et al.] ; with more than 390 contributors. |
| 260 |
_aPhiladelphia : _bJ. B. Lippincott, _cc1991. |
||
| 300 |
_axl, 1249 p. : _bill. ; _c29 cm. |
||
| 650 | 0 | _aEmergency medicine. | |
| 650 | 2 |
_aEmergencies _xdiagnosis. |
|
| 650 | 2 |
_aEmergencies _xtherapy. |
|
| 650 | 2 | _aEmergency Medicine. | |
| 700 | 2 | _aHarwood-Nuss, Ann. | |
| 942 |
_2lcc _cBK _n0 |
||
| 999 |
_c3364 _d3364 |
||